| 000 | 00723nam a2200265 a 4500 | ||
|---|---|---|---|
| 005 | 20140310183453.0 | ||
| 008 | 090710s19uu xx 00 eng d | ||
| 020 | _a9780230520936 | ||
| 050 |
_aHD 9980.5 _b.B358 2009 |
||
| 100 | _aBaron, Steve | ||
| 245 |
_aServices marketing : _btext and cases. / |
||
| 250 | _a3rd ed. | ||
| 260 |
_aLondon : _bPalgrave Macmillan, _c2009. |
||
| 300 |
_a358 p. : _bill. ; _c27 cm. |
||
| 521 | _aBSBA | ||
| 650 | _aBSBA. | ||
| 650 | _aMarketing. | ||
| 650 | _aMarketing. | ||
| 650 |
_aService industries _xMarketing. |
||
| 650 |
_aService industries _xMarketing _xCase studies. |
||
| 700 | _aHarris, Kim | ||
| 700 | _aHilton, Toni | ||
| 942 |
_cBK _2lcc _kFOR |
||
| 999 |
_c23495 _d23495 |
||